Un siglo de lucha obrera en España / (Record no. 189876)

MARC details
000 -LEADER
campo de control de longitud fija 00905nam a2200229 i 4500
001 - NÚMERO DE CONTROL
campo de control 189876
003 - IDENTIFICADOR DE NÚMERO DE CONTROL
campo de control ES-MaACL
005 - FECHA Y HORA DE LA ÚLTIMA TRANSACCIÓN
campo de control 20251113144911.0
007 - CAMPO FIJO DE DESCRIPCIÓN FÍSICA--INFORMACIÓN GENERAL
campo de control de longitud fija t|
008 - DATOS DE LONGITUD FIJA--INFORMACIÓN GENERAL
campo de control de longitud fija 191216s1971 sp ||||1| spa d
100 1# - ENTRADA PRINCIPAL--NOMBRE DE PERSONA
Nombre de persona Castiñeiras, Jaime.
9 (RLIN) 36788
245 13 - MENCIÓN DEL TÍTULO
Título Un siglo de lucha obrera en España /
Mención de responsabilidad, etc. Jaime Castiñeiras Muñoz, Javier Dominguez Martin-Sánchez.
260 ## - PUBLICACIÓN, DISTRIBUCIÓN, ETC.
Lugar de publicación, distribución, etc. Bilbao :
Nombre del editor, distribuidor, etc. Mensajero,
Fecha de publicación, distribución, etc. 1971.
300 ## - DESCRIPCIÓN FÍSICA
Extensión 271 p. ;
Dimensiones 19 cm.
490 1# - MENCIÓN DE SERIE
Mención de serie Publicaciones de la Universidad de Deusto, Instituto de Ciencias Sociales. Ciencias sociales" ;
Designación de volumen o secuencia 7
650 ## - PUNTO DE ACCESO ADICIONAL DE MATERIA--TÉRMINO DE MATERIA
Término de materia o nombre geográfico como elemento de entrada Socialismo-
Subdivisión geográfica España-
Subdivisión de forma Historia.
9 (RLIN) 17156
700 1# - ENTRADA AGREGADA--NOMBRE PERSONAL
Nombre de persona Domínguez, Javier,
Fechas asociadas al nombre 1929-
9 (RLIN) 152738
710 2# - ENTRADA AGREGADA--NOMBRE DE ENTIDAD CORPORATIVA
Nombre de entidad corporativa o nombre de jurisdicción como elemento de entrada Universidad de Deusto.
9 (RLIN) 7172
830 10 - PUNTO DE ACCESO ADICIONAL DE SERIE-TÍTULO UNIFORME
Título uniforme Publicaciones de la Universidad de Deusto, Instituto de Ciencias Sociales.
Nombre de parte o sección de la obra Ciencias sociales
Designación de volumen o secuencia 7
9 (RLIN) 225860
852 ## - LOCALIZACIÓN
Ubicación ES-MaACL
Número de control de estantería P-1213-4
Holdings
Estatus retirado Estado de pérdida Estado de daño No para préstamo Biblioteca de origen Biblioteca actual Ubicación en estantería Fecha de adquisición Fuente de adquisición Total de préstamos Signatura topográfica completa Código de barras Visto por última vez Precio de reemplazo Tipo de ítem Koha
        Biblioteca del Ateneo de Madrid Biblioteca del Ateneo de Madrid Depósito 2 16/12/2019     P-1213-4 1201409 23/02/2023 23/02/2023 Libro impreso